Loreto College Library, Kolkata
WEBOPAC (ONLINE PUBLIC ACCESS CATALOGUE)

How to become a good journalist (Record no. 40935)

MARC details
000 -LEADER
fixed length control field 00559nam a22002177a 4500
005 - DATE AND TIME OF LATEST TRANSACTION
control field 20231213102248.0
008 - FIXED-LENGTH DATA ELEMENTS--GENERAL INFORMATION
fixed length control field 170306b xxu||||| |||| 00| 0 eng d
020 ## - ISBN | অাই এস বি এন
ISBN | অাই এস বি এন 9788126921089
PRICE 395.00
040 ## - CATALOGING SOURCE
Original cataloging agency Loreto College
041 ## - LANGUAGE CODE
Language code English
082 ## - DDC | ডিউই
Classification number | বর্গসংখ্যা 302.23
Book Number | গ্রন্থাঙ্ক ELA
100 ## - MAIN ENTRY--PERSONAL NAME | মুখ্য সংলেখ - ব্যাক্তিনাম
Personal name | ব্যাক্তিনাম Elahi,Raza
245 ## - TITLE STATEMENT | অাখ্যা বিবরণী
Title | অাখ্যা How to become a good journalist
Statement of responsibility | লেখকের দায়িত্বের বিবরণ Raza Elahi
250 ## - EDITION STATEMENT | সংস্করণ ক্ষেত্র
Edition statement | সংস্করণ 2nd rev. & enl. ed.
260 ## - IMPRINT | প্রকাশনা ক্ষেত্র
Place of publication | প্রকাশ স্থান New Delhi
Name of publisher | প্রকাশকের নাম Atlantic Publishers
Date of publication | প্রকাশ কাল 2016
300 ## - PHYSICAL DESCRIPTION |
Page / Vol. No | পৃষ্ঠা / খন্ড সংখ্যা xii,98p
Other physical details | অনান্য বাহ্যিক বিবরণ 22cm
650 ## - SUBJECT ADDED ENTRY--TOPICAL TERM | বিষয় শিরোনাম - মূল বিষয়
Topical term | মূল বিষয় Mass media
650 ## - SUBJECT ADDED ENTRY--TOPICAL TERM | বিষয় শিরোনাম - মূল বিষয়
Topical term | মূল বিষয় Journalism
850 ## - HOLDING INSTITUTION
Holding institution LCLIB
942 ## - ADDED ENTRY ELEMENTS (KOHA)
Koha item type Books
Holdings
Withdrawn status Lost status Source of classification Damaged status Not for loan Home library Current library Date acquired Price Total Checkouts Full call number Accession No. Date last seen Price effective from Koha item type Coded location qualifier
    Dewey Decimal Classification     Loreto College Loreto College 06/03/2017 395.00   302.23 ELA 51666 44657 06/03/2017 06/03/2017 Books